Army Uniforms - Statistics

General Stats
  • This quiz has been taken 76 times
  • The average score is 3 of 9
Answer Stats
Picture Answer % Correct
United States of America
90%
United Kingdom
85%
Germany
66%
Canada
48%
Egypt
18%
Ireland
15%
Switzerland
13%
Denmark
8%
Portugal
7%
No matching quizzes found
Score Distribution
Percent of People with Each Score
Percentile by Number Answered
Your Score History
You have not taken this quiz